书目信息 |
| 题名: |
伦理与美学
|
|
| 作者: | 成中英, 著 | |
| 分册: | ||
| 出版信息: | 北京 中国人民大学出版社 2017 |
|
| 页数: | 351页 | |
| 开本: | 27cm | |
| 丛书名: | 成中英文集 | |
| 单 册: | ||
| 中图分类: | B82-53 , B83-53 | |
| 科图分类: | ||
| 主题词: | 伦理学--Lun Li Xue--文集 , 美学--Mei Xue--文集 | |
| 电子资源: | ||
| ISBN: | 978-7-300-23719-0 | |
| 000 | 01435cam 2200313 450 | |
| 001 | 012001002461 | |
| 005 | 20131023141046.0 | |
| 010 | @a978-7-300-23719-0@b精装@dCNY98.00 | |
| 099 | @aCAL 012017107308 | |
| 100 | @a20170421d2017 em y0chiy50 ea | |
| 101 | 0 | @achi |
| 102 | @aCN@b110000 | |
| 105 | @ay z 000yy | |
| 106 | @ar | |
| 200 | 1 | @a伦理与美学@ALun Li Yu Mei Xue@d= Ethics and esthetics@f成中英著@zeng |
| 210 | @a北京@c中国人民大学出版社@d2017 | |
| 215 | @a351页@d27cm | |
| 225 | 2 | @a成中英文集@ACheng Zhong Ying Wen Ji@v第九卷 |
| 330 | @a本书为成中英著作集第六卷,主题为“伦理与美学”,主要收录成中英先生在伦理学与美学方面的重要文章,分为三个部分。首先是成先生所进行的“中国伦理精神”研究,共收录文章6篇,代表了成先生在道德与伦理方面的重要观点;其次是“伦理现代化”部分,收录的11篇文章主要围绕以儒家为代表的中国伦理现代化与世界化问题展开。“本体美学”思想亦是成中英先生学术思想的重要组成部分,第六卷同时收录了成中英先生的专著《美的深处——本体美学》一书,以及成先生的美学研究论文2篇,以求最大限度将成先生的“本体美学”思想展示给读者。 | |
| 333 | @a哲学研究人员,美学研究人员 | |
| 410 | 0 | @12001 @a成中英文集@v第九卷 |
| 510 | 1 | @aEthics and esthetics@zeng |
| 606 | 0 | @a伦理学@ALun Li Xue@j文集 |
| 606 | 0 | @a美学@AMei Xue@j文集 |
| 690 | @aB82-53@v5 | |
| 690 | @aB83-53@v5 | |
| 701 | 0 | @a成中英,@ACheng Zhong Ying@f1935-@4著 |
| 801 | 2 | @aCN@b江苏凤凰@c20191020 |
| 905 | @b1220180-3@dB82-53@e1435@f4 | |
| 伦理与美学= Ethics and esthetics/成中英著.-北京:中国人民大学出版社,2017 |
| 351页;27cm.-(成中英文集;第九卷) |
| 使用对象:哲学研究人员,美学研究人员 |
| ISBN 978-7-300-23719-0(精装):CNY98.00 |
| 本书为成中英著作集第六卷,主题为“伦理与美学”,主要收录成中英先生在伦理学与美学方面的重要文章,分为三个部分。首先是成先生所进行的“中国伦理精神”研究,共收录文章6篇,代表了成先生在道德与伦理方面的重要观点;其次是“伦理现代化”部分,收录的11篇文章主要围绕以儒家为代表的中国伦理现代化与世界化问题展开。“本体美学”思想亦是成中英先生学术思想的重要组成部分,第六卷同时收录了成中英先生的专著《美的深处——本体美学》一书,以及成先生的美学研究论文2篇,以求最大限度将成先生的“本体美学”思想展示给读者。 |
| ● |
| 相关链接 |
|
|
|
|
正题名:伦理与美学
索取号:B82-53/1435
 
预约/预借
| 序号 | 登录号 | 条形码 | 馆藏地/架位号 | 状态 | 备注 |
| 1 | 1220180 | 212201801 | 第一样本阅览室/ [索取号:B82-53/1435] | 在馆 | |
| 2 | 1220181 | 212201810 | 教育系资料室/ [索取号:B82-53/1435] | 在馆 | |
| 3 | 1220182 | 212201829 | 教育系资料室/ [索取号:B82-53/1435] | 在馆 | |
| 4 | 1220183 | 212201838 | 第一借阅区/ [索取号:B82-53/1435] | 在馆 |